Dates institutions internationales S1 - Statistiques

Statistiques générales
  • Ce quiz a été pris 23 fois
    17 depuis la dernière actualisation
  • Le résultat moyen est 21 sur 268
Statistiques - réponses
Hint Réponse % Correct
Traités de Westphalie 1648
100%
Année de signature et d'entrée en vigueur de la charte des Nations Unies 1945
55%
Conférence de Bretton Woods 1944
45%
Création de la banque mondiale 1944
45%
Invasion de la Corée du Sud par la Corée du Nord 1950
45%
Annexion de la Crimée par la Russie 2014
45%
Création de la Cour permanente de justice internationale dans le cadre de la SDN (CPJI) 1920
36%
Convention de Montego Bay 1982
36%
Adoption du traité de Rome 1998
36%
Création de la CPI 1998
36%
Entrée en vigueur de la CPI 2002
36%
Accords de Paris sur le climat 2015
36%
1er retrait des USA des accords de Paris 2017
36%
Volonté de Xi Jinping et Poutine de se rapprocher 2022
36%
2e retrait des USA des accords de Paris 2025
36%
Naissance du courant trans-nationaliste Milieu des années 1970
36%
Adoption du pacte BRIAND KELLOGG 1928
27%
Remplacement de la CPJI par la CIJ 1945
27%
Adoption de la CEDH 1950
27%
Résolution Acheson 377, utilisée pour débloquer la situation crée par le véto concernant la Corée 1950
27%
De Gaulle fait quitter l’OTAN à la France 1966
27%
Ouverture à la signature du traité de non-prolifération nucléaire 1968
27%
Accords d'Helsinki 1975
27%
Arrêt de la cour internationale de justice considérant que le principe de non intervention dans les affaires intérieures d'un Etat constitue un principe de droit coutumier 1986
27%
Fin de l'URSS 1991
27%
France rejoint le comité militaire de l'OTAN 1995
27%
Manifestations mondiales contre la guerre en Irak 2003
27%
Réintégration totale de la France à l'OTAN par Sarkozy tout en gardant une liberté d’appréciation des situations militaires. 2009
27%
Frappes menées par les Etats Unis, le Royaume uni et la France sur la Syrie 2018
27%
Sommet de l’ONU sur le climat prévoit la neutralité carbone d’ici 2050 2019
27%
Développement des théories marxistes liées aux relations internationales Années 1960
27%
Naissance du courant néo-réaliste Fin des années 1970
27%
Protocole de Genève sur la prohibition des gaz toxiques pendant la guerre 1925
18%
Création de l'Etat d'Israël 1948
18%
Convention européenne des droits de l’homme et des libertés fondamentales protège les droits et libertés des pays signataires 1950
18%
Traité de Moscou sur l’interdiction partielle des essais nucléaires dans l’atmosphère, extra-atmosphère, eau. Autorise seulement les explosions souterraines 1963
18%
Traité de Tlatelolco : dénucléarise l’Amérique du Sud 1967
18%
Arrêt de la CIJ 1973 : (affaire Compétence en matière de pêcherie) Les changements doivent être vitaux pour le traité, càd ceux qui mettent en péril l’existence du pays, pour prétendre l’annulation 1973
18%
l’arrêt CIJ sur les activités paramilitaires du Nicaragua. 1986
18%
Création du GIEC 1988
18%
Embargo sur l’Irak après l’invasion du Koweït 1990
18%
Première guerre du golfe 1990-1991
18%
Sommet de la Terre de Rio : crée des conventions sur l’environnement, et un « devoir d’assistance écologique » 1992
18%
Conférence de Rio : définit le développement durable comme le fait de répondre aux besoins d’une génération sans compromettre les générations futures. 1992
18%
Action 21 : créée par le sommet de Rio → insiste sur la lutte contre la pauvreté et la protection de l’environnement par de nombreuses recommandations à différents niveaux 1992
18%
Commission Carlsson: Volonté de modifier la Charte pour autoriser une ingérence du Conseil de Sécurité en cas de violation de la sécurité des gens 1995
18%
Protocole de Kyoto 1997
18%
Intervention militaire de l'OTAN au Kosovo contre violations des droits de l’homme par la Yougoslavie 1999
18%
Codification par le Comité du droit international des coutumes de responsabilité de l’Etat 2001
18%
Entrée en vigueur du traité de Rome 2002
18%
Intervention de l'OTAN en Afghanistan via la Force internationale d’assistance à la sécurité 2003
18%
Résolution 1540 : oblige les membres à adopter des législations interdisant la production + vente + transport d’armes de destruction massive 2004
18%
Mandat d’arrêt du président soudanais Omar Al-Bachir pour génocide d’ethnie du Dafour par la CPI 2010
18%
Décision défavorable de la Cour de Justice de l'UE concernant sur l'adhésion de l’UE à la CEDH 2014
18%
Retrait américain de l’accord sur le nucléaire après de vives critiques 2018
18%
Sentence arbitrale qui donne raison aux Philippines dans leur litige avec la Chine 16 juin 2016
9%
Apparition de l'arbitrage moderne lors d'un litige entre le Royaume-Uni et les Etats-Unis 1872
9%
Seconde conférence de La Haye 1907
9%
Commission du droit international codifie la coutume internationale. 1947
9%
Convention de Genève sur la guerre 1949
9%
Traité sur l’Antarctique prévoit la démilitarisation de l’Antarctique 1959
9%
Charte d’Addis Abeba, qui crée l'organisation de l'Organisation de l'Unité Africaine (OUA) 1963
9%
Convention de Vienne : les relations consulaires suivent le principe de consentement mutuel 1963
9%
OEA demande la fin des relations avec Cuba 1964
9%
Pactes universels DDH adoptés par l'Assemblée générale des Nations Unies 1966
9%
Guerre de Six Jours 1967
9%
Protocole de la Convention de Genève sur le droit à l'asile 1967
9%
Convention du Vienne sur les conventions internationales 1969
9%
Résolution 2625, “l’Etat a le droit inaliénable de choisir son système politique” de la charte de l'ONU 1970
9%
Traité ABM réduisait les sites antimissiles aux US et en ex-URSS 1972
9%
Conférence de Stockholm: Concilier croissance/développement durable, création du PNUE et des ministères de l’environnement. 1972
9%
PNUE: coordonne les programmes menés par l’ONU avec l’évolution de la situation climatique dans le monde 1972
9%
Intervention de la France au Zaïre 1977
9%
Le Maroc quitte l'OUA 1984
9%
Rapport Brutland sur l’environnement définit le développement durable. 1987
9%
Embargo sur la livraison d’armes en ex-Yougoslavie 1991
9%
Convention-cadre des nations Unies sur le changement climatique 1992
9%
Sommet de Budapest 1994
9%
Proposition de l'OTAN d'un partenariat pour la paix aux ex-pays soviétiques 1994
9%
L'OMC remplace le GATT 1995
9%
Accords de Dayton: règlement des conflits en ex-Yougoslavie 1995
9%
Résolution 986, « pétrole VS nourriture » = vente de pétrole contre argent pour nourriture + médicaments 1995
9%
Création du « groupe de Shanghai » sur les questions de sécurité et de lutte antiterroriste. Réunit Chine, Russie, Kazakhstan et al., Inde, Pakistan, Iran 1996
9%
Signature de la résolution 986 par l'Irak 1996
9%
Création du Conseil de partenariat euro atlantique 1997
9%
Le Conseil d’Etat, lui, a refusé d’appliquer la coutume internationale 1997
9%
Mandat de Koffi Annan en tant que secrétaire générale des Nations Unies 1997-2006
9%
Intervention de l'ONU au Kosovo 1999
9%
Sommet d'Istanbul 1999
9%
Application de la coutume internationale par la Cour de cassation 2001
9%
Dissolution de l'OUA 2002
9%
Sommet de Washington: les états s’engagent à prévenir la prolifération des AMD, soutenir des inspections inopinées, et à respecter les accords de l’Agence internationale de l’énergie atomique 2003
9%
Seconde guerre du golfe 2003-2011
9%
Reconnaissance d’un état du Monténégro indépendant et souverain par l’UE 2006
9%
Sanctions à l’Iran après son refus de stopper ses programmes nucléaires et militaires 2006
9%
Résolution 1718 = sanction contre le République démocratique de Corée pour ses essais nucléaires 2006
9%
ONU charge le Liban de déployer ses troupes pour surveiller l’exécution du cessez-le-feu Hezbollah/Israël et assurer le respect de la « ligne bleue » entre Israël et le Liban. 2006
9%
Le GIEC obtient le prix Nobel de la paix 2007
9%
Russie propose une nouvelle organisation (par un traité) de la sécurité européenne 2008
9%
Réunion spéciale du Conseil de l’Atlantique sur la situation en Géorgie 2008
9%
G8 est élargit 2008
9%
Fin des relations diplomatiques Russie/Géorgie dans l’affaire de l’Ossétie du Sud et de l’Abkhazie 2008
9%
Brésil, Russie, Inde, Chine se réunissent= BRICS 2009
9%
2e sommet des BRICS, volonté de créer un nouvel ordre mondial multipolaire et de réformer le FMI 2010
9%
Résolution 1929: sanctions sur l’Iran, dont une obligation de vigilance pour les pays qui interagissent avec sa Banque centrale 2010
9%
Nuclear Posture Review soulève le rôle fondamental de l'arme nucléaire 2010
9%
CDI a élaboré un projet d’articles sur la responsabilité des organisations internationales 2011
9%
Critique de la CPI par le président de l'UA 2013
9%
Exclusion de la Russie du G8 2014
9%
Création de la Nouvelle Banque de développement 2014
9%
Intervention Russe en Syrie 2015
9%
Accord sur le nucléaire signé entre Téhéran et les pays négociateurs 2015
9%
Résolution 2231: prépare la levée des sanctions internationales sur l’Iran, sous réserve de surveillance des actions de l’Iran 2015
9%
Russie reconnue comme causant des tensions accrues et des violations de l’espace aérien turc 2016
9%
Résolution 2270 condamne les essais nucléaires réalisés par la Corée du Nord puis résolution 2321 qui renforce ces sanctions 2016
9%
Retrait des forces internationales de l'Afghanistan 2021
9%
Les BRICS deviennent BRICS+ avec l’Iran, l'Égypte, les Émirats arabes unis, l'Indonésie et l'Éthiopie 2024
9%
Arrêt relatif à l'affaire du personnel diplomatique et consulaire à Téhéran (date précise) 20 mai 1980
9%
Invasion de l'Ukraine par la Russie 24 février 2022
9%
Arrêt sur l'intervention américaine au Nicaragua 27 juin 1986
9%
1e réparation des victimes des crimes de guerres par la CPI 07 août 2012
0%
Date précise de la signature de la Convention 10 décembre 1982
0%
Affaire du Rainbow Warrior (différend France - Nouvelle-Zélande) 10 juillet 1985
0%
Déclaration sur le droit des peuples à la paix à l'ONU 12 novembre 1984
0%
Charte de l'Atlantique 14 août 1941
0%
Adoption de la résolution 1514 par l'Assemblée générale de l'ONU 14 décembre 1960
0%
Condamnation à 14 ans de prison de l’ancien chef de milice de la RDC Thomas Lubanga pour recrutement d’enfants soldats par la CPI 15 mars 2012
0%
Loi facilitant l’implantation des ONG en Belgique 1919
0%
Reconnaissance d’un droit des états à protéger ses nationaux lésés, qui n’ont pas pu obtenir satisfaction par les voies ordinaires 1924
0%
CPJ (cour permanente de justice) : consacre l’usage comme une pratique émanant d’une volonté étatique 1927
0%
Règle coutumière qui apparait avec l’affaire de l’usine de Chorzow 1928
0%
Année de retrait de la déclaration d'acceptation de la CIJ par les USA 1946
0%
GATT (accord général sur les tarifs douaniers et le commerce) 1947-1995
0%
Charte de Bogota 1948
0%
Création de l'OMP ONUST (Organisation des Nations Unies chargée de la surveillance et de la trêve) 1948
0%
Avis consultatif de la CIJ : Un agent des nations unies peut obtenir réparation par le biais d’une demande de l’Organisation à l’Etat 1949
0%
Convention du droit international 1950
0%
Création de l'AIEA (Agence Internationale de l'énergie Atomique) 1957
0%
Traité de Montevideo 1960
0%
Charte sociale européenne 1961
0%
CNUCED (Conférence des nations unies sur le commerce et le développement) 1964
0%
Convention internationale sur l’élimination de toutes les formes de discrimination raciale adoptée par l’AG de l’ONU. 1965
0%
Création de l'ONUDI 1966
0%
Protocole facultatif sur le PRDCP 1966
0%
Résolutions créant un embargo économique sur le Rhodésie 1966-1979
0%
Protocole de Buenos Aires 1967
0%
Affaire du plateau continental de la Mer du Nord : les états ont la conviction que cette pratique est rendue obligatoire par une règle de droit (CIJ) 1969
0%
Charte sur les relations amicales 1970
0%
Convention de Londres-Moscou-Washington (d’interdiction des armes biologiques) qui interdit la fabrication des armes bactériologiques 1971
0%
Convention de l’OEA pour la prévention et la répression des actes de terrorisme (crimes contre des personnes/ d’actes d’extorsion connexes qui ont une portée internationale) 1971
0%
Convention sur le commerce international des espèces de faune et de flore sauvage menacées de disparition 1973
0%
Fondation de l'OSCE 1975
0%
Création de la CEDEAO (Communauté économique des Etats de l’Afrique de l’Ouest) 1975
0%
Convention américaine des droits de l'Homme 1978
0%
Création de l'OMP FINUL (Force intérimaire des Nations Unies) 1978
0%
CIJ, Arrêt « Personnel diplomatique et consulaire à Téhéran » 1980
0%
L’association latino-américaine d’intégration remplace l’ALALC 1981
0%
Protocole de Cartagena des Indias 1985
0%
Traité de Rarontonga instaure une zone dénucléarisée dans le Pacifique Sud 1985
0%
Convention de Vienne sur la protection de la couche d’ozone : régule les substances qui nuisent à la couche d’ozone 1985
0%
Année de retrait de la déclaration d'acceptation de la CIJ par la France 1986
0%
Convention européenne pour la prévention de la torture 1987
0%
France rompt avec Iran, affaire Gordji 1987
0%
Résolution de l’Assemblée générale des nations unies sur l’assistance humanitaire pour les victimes de catastrophes naturelles 1988
0%
Convention internationale des droits de l’enfant 1989
0%
Convention de Bâle sur le contrôle des mouvements transfrontières de déchets dangereux et de leur élimination 1989
0%
Charte de Paris pour une nouvelle Europe 1990
0%
Adhésion de la Bulgarie au conseil de l'Europe 1990
0%
Convention sur la diversité biologique : repose sur une approche globale, reconnait la protection de la biodiversité comme une préoccupation commune pour l’humanité 1991
0%
Réforme du conseil de sécurité de l'ONU 1992
0%
Résolution 757 : triple embargo arme-pétrole-commerce sur le Monténégro et la Serbie 1992
0%
Opération MINUSIL (Mission des Nations Unies en Sierra Leone) 1992
0%
Sommet des chefs d'État de Vienne 1993
0%
Convention sur l’interdiction de la mise au point, de la fabrication, du stockage et de l’emploi des armes chimiques et sur leur destruction (=Convention de Paris) 1993
0%
Enquête ayant considéré le véto de la CNU comme antidémocratique 1994
0%
Adhésion de la Lettonie au conseil de l'Europe 1994
0%
Projet d’accord de libre-commerce des Amériques 1994
0%
Convention des Nations unies sur la lutte contre la désertification 1994
0%
Conférence de Paris sur la stabilité en Europe 1995
0%
Traité de Bangkok crée une zone dénucléarisée en Asie du Sud Est 1995
0%
Conférence de Singapour 1996
0%
Conventions de l’OEA 1996
0%
Création du statut consultatif des ONG 1996
0%
Traité de Pelindaba crée une zone dénucléarisée en Afrique 1996
0%
Traité d’interdiction complète des essais nucléaires (TICE) 1996
0%
La Convention internationale pour la répression des attentats terroristes à l’explosif 1997
0%
Arrêt de la CIJ : la modification des dispositions doit annuler le traité exceptionnellement 1997
0%
Sommet d’alger, refus de tolérer les coups d'État au sein des pays membres 1999
0%
Convention internationale pour la répression du financement du terrorisme 1999
0%
Le Conseil Constitutionnel fait référence au jus congens dans une décision 1999
0%
Décret sur les pouvoirs des ambassadeurs 1e juin 1979
0%
25 chefs de l’OUA rédigent le texte constitutif de l’Union africaine 2000
0%
Arrêt Paulin, CE : les principes et la coutume ne priment pas sur la loi. 2000
0%
Sommet de Rome 2002
0%
Sommet des chefs d'États africains remplace OUA par Union Africaine 2002
0%
Document rendu par USA sur sa stratégie nationale de sécurité. « National Security Strategy » 2002
0%
Début du chantier du bouclier antimissile après l’abandon des US du traité Anti Ballistic Missile 2002
0%
Publication de la réforme du conseil des 16 sages 2004
0%
Sommet d’Abuja: Création du pacte de non-agression entre pays 2004
0%
Résolution 1540: dans son préambule, le conseil de sécurité s’est dit gravement préoccupé par la menace du terrorisme et par le risque de voir des acteurs non étatiques se procurer des ADM 2004
0%
Premier sommet de l'Union Africaine (UA) au Gabon, consacré à la situation en Côte d’Ivoire 2005
0%
Convention sur la prévention du terrorisme, le conseil de l’Europe 2005
0%
Déploiement de la force internationale dans des régions hostiles d’Afghanistan 2006
0%
Traité portant création d’une zone exempte d’armes nucléaires en Asie centrale 2006
0%
L’action militaire préventive reste centrale 2006
0%
Stratégie antiterroriste mondiale : résolution adoptée l’AG de l’ONU 2006
0%
9e Sommet de l’UA: Kadhafi a proposé la création d’un gouvernement continental (“états unis d’Afrique) 2007
0%
Convention internationale pour la répression des actes de terrorisme nucléaire 2007
0%
PRDESC 2008
0%
Sommet du 60e anniversaire de l’OTAN, demande à la Russie de se retirer de la Géorgie et annulation de la reconnaissance par la Russie des régions d’Ossétie du Nord et Abkhazie 2009
0%
Suspension du Honduras de l'OEA après un coup d’état 2009
0%
Résolution 1874 = sanction contre la RPDC pour irrespect de la résolution 1718 2009
0%
Comité interaméricain contre le terrorisme 2010
0%
Fin de la résolution 986 2010
0%
Réintégration du Honduras à l'OEA 2011
0%
Fondation de la CELAC, sommet de Caracas 2011
0%
ONU adopte les Principes directeurs sur les droits de l’homme et les entreprises 2011
0%
Demande de la Turquie à l'OTAN à déployer des missiles à la frontière syrienne 2012
0%
Sommet de Chicago 2012
0%
Accords de Minsk 2013
0%
Protocole facultatif au PRDESC 2013
0%
Opposition russe à l’élargissement de l’OTAN 2014
0%
Sommet de Varsovie 2016
0%
Venezuela décide de quitter l’OEA 2017
0%
Loi en France sur le devoir des vigilances des multinationales 2017
0%
Les sanctions sont durcies par le Conseil de sécurité 2017
0%
Traité sur l’interdiction des armes nucléaires. Interdit dev + stockage d’armes nucléaires 2017
0%
Critique de la CPI par l'administration Trump 2018
0%
Sommet à Kigali: Signature de l’accord cadre pour la création d’une zone de libre échange continentale 2018
0%
OIAC (Organisation internationale pour l’interdiction des armes chimiques) a déterminé que le chlore pouvait constituait une arme chimique 2018
0%
Brésil retiré de la CELAC sous Bolsonaro 2020
0%
Sommet de l'UA contre les armes 2020
0%
Document qui précise les 4 situations qui amèneraient à l’usage des ADM 2020
0%
28e sommet de l'OTAN 2021
0%
Exclusion de la Russie du Conseil de l'Europe par le CDM à la demande de l’APCE (assemblée parlementaire du conseil de l'Europe) 2022
0%
Sommet de Madrid 2022
0%
Retrait du Nicaragua de l'OEA 2022
0%
Sommet de l'UA qui condamne les coups d’Etats 2022
0%
Bali, communiqué commun qui condamne les actions de la Russie et les menaces nucléaires 2022
0%
Brésil rejoint à nouveau la CELAC 2023
0%
Sommet de l'UA pour le développement de la ZLECAF (Zone de libre-échange continentale africaine) 2023
0%
Intégration de l’Union africaine au G20 2023
0%
Convention sur la succession d’état en matière de traités 22 août 1978
0%
Création de la CNU (Charte des Nations Unies) 22 juin 1945
0%
Adoption du Pacte de l'Avenir 22 septembre 2024
0%
Sommet de Lisbonne 2-3 décembre 1996
0%
Résolution 1674 28 avril 2016
0%
OMC autorise Washington à imposer des droits de douane (7,5 md$) à l’UE après la subvention des pays de l’UE à Airbus. 2 décembre 2019
0%
Opération de l'OTAN pour faire respecter l’embargo sur les armes par la Libye 31 mars 2011
0%
Fin des opérations et mort de Kadhafi 31 octobre 2011
0%
Convention sur la succession d’état en matière de biens, archives et dettes 4 avril 1983
0%
Traité de l'Atlantique nord 4 mars 1949
0%
Traité de Londres 5 Mai 1949
0%
Accords de Bali 7 décembre 2013
0%
Débat à l'assemblée des Nations Unies suite au véto sino-russe contre les sanctions envers la Corée. 8 juin 2022
0%
Loi concernant la suppression d’autorisation pour les associations étrangères en France 9 décembre 1981
0%
Russie suggère une réforme de l’organisation, qui deviendrait une organisation régionale de l’ONU, supérieure à l’OTAN Années 1990
0%
Conseil Ministériel de Maastricht sur les nouveaux défis internationaux de l’OSCE et les tâches pour y faire face Décembre 2003
0%
Opposition russe à la prolongation du mandat de mission en Géorgie depuis 1992 Décembre 2008
0%
Sommet d'Astana Décembre 2010
0%
Russie rejette les critiques de l’OSCE en matière de droits de l’homme + reproche manque d’impartialité Décembre 2012
0%
Déclaration de Nairobi Décembre 2015
0%
Possibilité de saisir directement la Cour pour les Européens Depuis 1998
0%
Reconnaissance de deux régions “indépendantes” (Donetsk et Louhansk, Ukraine) Février 2022
0%
Suspension du Mali, de la Guinée, du Burkina Faso de l'UA en raison des coups d'État militaires Janvier 2022
0%
Mission de l’OSCE pour la sécurité en Ukraine Mars 2014
0%
Condamnation de la Russie par le secrétaire général après l’annexion de la Crimée “illégale et illégitime” Mars 2014
0%
60e sommet mondial de l'ONU Septembre 2005
0%
Aucun quiz correspondant
Distribution des résultats
% des personnes avec chaque résultat
Percentile par nombre de réponses
Votre historique - résultats
Vous n’avez pas pris ce quiz depuis la dernière actualisation